000 00582nam a22001697a 4500
008 160826b xxu||||| |||| 00| 0 eng d
020 _a9781435413306
082 _22009
_aDC 604.2
_bG55s
100 _913753
_aGoetsch, David L.
245 _aThe successful drafting technician:
_b12 essential strategies for building a winning career/
_cDavid L. Goetsch.
260 _aAustralia:
_bDelmar Cengage Learning,
_cc2009.
300 _aix, 192 pages;
_c23 cm.
500 _aIncludes appendix and index.
650 0 _913754
_aMechanical drawing
365 _aPhp
_b2150.00
942 _2ddc
_cDC
999 _c4160
_d4160